Handbook of insurance

Guardado en:
Detalles Bibliográficos
Otros Autores: Dionne, Georges
Formato: Libro
Lenguaje:inglés
Publicado: New York Springer 2014
Edición:2nd ed.
Colección:Business/Economics
Materias:
Etiquetas: Agregar Etiqueta
Sin Etiquetas, Sea el primero en etiquetar este registro!

MARC

LEADER 00000nam a2200000 4500
001 0200791
005 20240313132940.8
020 |a 978-1-4939-0861-5 (softcover) 
020 |a 978-1-4614-0154-4 (hardcover) 
041 0 |a eng 
044 |a US 
245 1 0 |a Handbook of insurance  |c editor: Georges Dionne 
250 |a 2nd ed. 
264 1 |a New York  |b Springer  |c 2014 
300 |a 1126 s. 
490 1 |a Business/Economics 
830 0 |a Business/Economics 
610 2 0 |a poisťovníctvo 
610 2 0 |a poistenie 
610 2 0 |a vývoj 
610 2 0 |a riziko poistné 
610 2 0 |a modelovanie ekonometrické 
610 2 0 |a prevencia 
610 2 0 |a teórie poistné 
610 2 0 |a trh poistný 
610 2 0 |a druhy poistenia 
610 2 0 |a oceňovanie 
610 2 0 |a krajiny rozvojové 
610 2 0 |a krajiny vyspelé 
610 2 0 |a produkty 
610 2 0 |a poistenie súkromné 
610 2 0 |a poistenie sociálne 
700 1 |a Dionne, Georges